[Event "Challenge"]
[Site "http://www.queenalice.com/game.php?id=1338090"]
[Date "2015.1.30"]
[Round "-"]
[White "dnptrs"]
[Black "elrey"]
[Result "1/2-1/2"]
[WhiteElo "2272"]
[BlackElo "2279"]

1. d4 Nf6 2. Nf3 g6 3. g3 Bg7 4. Bg2 O-O 5. O-O c6 6. b3 d6 7. Bb2 Bf5 8. Nh4
Bg4 9. Re1 Qd7 10. Nd2 Na6 11. c3 c5 12. Bf3 cxd4 13. cxd4 Rfc8 14. a3 d5 15.
Rc1 Bxf3 16. Nhxf3 Qf5 17. Rxc8+ Rxc8 18. Qb1 Qxb1 19. Rxb1 Ne4 20. Kf1 f5 21.
e3 Rc2 22. Ke1 h5 23. Kd1 Rc6 24. Ke2 Rc2 25. Kd1 Rc6 26. Ke1 Kf7 27. b4 1/2-1/2

[Event "Challenge"]
[Site "http://www.queenalice.com/game.php?id=1338091"]
[Date "2015.1.30"]
[Round "-"]
[White "elrey"]
[Black "dnptrs"]
[Result "1-0"]
[WhiteElo "2287"]
[BlackElo "2284"]

1. d4 Nf6 2. c4 e6 3. g3 Bb4+ 4. Bd2 Qe7 5. Bg2 c6 6. e4 d5 7. e5 Ne4 8. Bxe4
dxe4 9. a3 Bxd2+ 10. Nxd2 O-O 11. Nxe4 b6 12. Nf3 b5 13. c5 f6 14. exf6 gxf6 15.
Qb3 Na6 16. O-O-O Nc7 17. g4 Nd5 18. g5 Bd7 19. gxf6 Nxf6 20. Nd6 Kh8 21. Ne5
Ne8 22. Qh3 Qg5+ 23. f4 Rxf4 24. Rhg1 Rg4+ 25. Kc2 Rxg1 26. Nef7+ Kg7 27. Nxg5
Rxg5 28. Ne4 Rg6 29. Rf1 Nc7 30. Nd6 Rh6 31. Rf7+ 1-0

[Event "Let's Play Chess!"]
[Site "http://www.queenalice.com/game.php?id=1345197"]
[Date "2015.3.3"]
[Round "-"]
[White "Bategoll"]
[Black "elrey"]
[Result "0-1"]
[WhiteElo "1835"]
[BlackElo "2278"]

1. d4 d6 2. Nf3 g6 3. e4 Bg7 4. Nc3 b6 5. d5 a6 6. Bd2 Nf6 7. Bd3 c6 8. Rb1 Bb7
9. dxc6 Nxc6 10. a3 Qc7 11. O-O e6 12. Re1 Ng4 13. Bg5 h6 14. Bh4 Nf6 15. Nd2
Nh5 16. f3 O-O 17. Bf2 Ne5 18. Nf1 b5 19. Ng3 Nxg3 20. Bxg3 Rac8 21. Be2 Rfd8
22. Qc1 d5 23. Bd3 Qb6+ 24. Bf2 Qa5 25. Bf1 d4 26. b4 Qc7 27. Ne2 d3 28. cxd3
Qb8 0-1

[Event "III Torneo Latin"]
[Site "http://www.queenalice.com/game.php?id=1348164"]
[Date "2015.3.18"]
[Round "3"]
[White "Taurus"]
[Black "elrey"]
[Result "0-1"]
[WhiteElo "2161"]
[BlackElo "2279"]

1. e4 e6 2. d4 d5 3. e5 c5 4. c3 Qb6 5. Nf3 Bd7 6. Qc2 Nc6 7. Be2 cxd4 8. cxd4
Nxd4 9. Nxd4 Qxd4 10. Qb3 Qxe5 11. Bd2 Bc5 12. Bc3 d4 13. Bd2 Bc6 14. f4 Qe4 15.
Qf3 Qc2 16. Qb3 d3 17. Bf3 Bxf3 18. gxf3 Qxb3 19. axb3 Nf6 20. b4 Bd4 21. Nc3
Ke7 22. Rc1 Rac8 23. Kf1 Rc4 24. Na4 Rxc1+ 25. Bxc1 Rc8 26. Kg2 Rc2+ 0-1

[Event "Challenge"]
[Site "http://www.queenalice.com/game.php?id=1355554"]
[Date "2015.4.25"]
[Round "-"]
[White "eddval"]
[Black "elrey"]
[Result "1-0"]
[WhiteElo "2267"]
[BlackElo "2299"]

1. e4 e5 2. Nf3 Nc6 3. d4 exd4 4. Nxd4 Nf6 5. Nc3 Bc5 6. Be3 Nxd4 7. Bxd4 Qe7 8.
Bxc5 Qxc5 9. Be2 O-O 10. O-O Re8 11. Bd3 d6 12. h3 Bd7 13. Kh2 a5 14. Qe2 d5 15.
Qf3 dxe4 16. Nxe4 Nxe4 17. Bxe4 1-0

[Event "Let's Play Chess!"]
[Site "http://www.queenalice.com/game.php?id=1362749"]
[Date "2015.5.31"]
[Round "-"]
[White "elrey"]
[Black "MasterAylton"]
[Result "1-0"]
[WhiteElo "2295"]
[BlackElo "1673"]

1. d4 Nf6 2. c4 e6 3. e3 d5 4. Nc3 a6 5. Nf3 c5 6. cxd5 Nxd5 7. Nxd5 Qxd5 8.
dxc5 Qxd1+ 9. Kxd1 Bxc5 10. Bd2 Nc6 11. Rc1 Bd6 12. Bd3 h6 13. Bc3 O-O 14. Ke2
Nb4 15. Bxb4 Bxb4 16. Rhd1 b5 17. Be4 Rb8 18. Ne5 Rb6 19. a3 Be7 20. f4 1-0

[Event "Let's Play Chess!"]
[Site "http://www.queenalice.com/game.php?id=1362750"]
[Date "2015.5.31"]
[Round "-"]
[White "MasterAylton"]
[Black "elrey"]
[Result "0-1"]
[WhiteElo "1671"]
[BlackElo "2296"]

1. d4 g6 2. c4 Bg7 3. Nf3 Nf6 4. Nc3 d6 5. e3 O-O 6. Be2 Nc6 7. O-O Bf5 8. a3 d5
9. cxd5 Nxd5 10. Bd2 Nb6 11. Rc1 e5 12. dxe5 Nxe5 13. Nxe5 Bxe5 14. Be1 c6 15.
h3 Qxd1 16. Bxd1 Bd3 17. Bd2 Nc4 0-1

[Event "III Torneo Latin"]
[Site "http://www.queenalice.com/game.php?id=1372676"]
[Date "2015.7.22"]
[Round "4"]
[White "elrey"]
[Black "serrato987"]
[Result "1-0"]
[WhiteElo "2286"]
[BlackElo "2107"]

1. d4 d5 2. a3 Nf6 3. Bf4 c5 4. dxc5 a5 5. e4 e6 6. Nc3 Bxc5 7. e5 Nfd7 8. Nf3
O-O 9. Bd3 Nc6 10. O-O f6 11. exf6 Nxf6 12. Qd2 Bd6 13. Bxd6 Qxd6 14. Rfe1 e5
15. h3 e4 16. Bxe4 Be6 17. Ng5 Nxe4 18. Ncxe4 Qd7 19. Nc5 1-0

[Event "OS INCLIVEIS"]
[Site "http://www.queenalice.com/game.php?id=1374901"]
[Date "2015.8.1"]
[Round "-"]
[White "adelio"]
[Black "elrey"]
[Result "0-1"]
[WhiteElo "1661"]
[BlackElo "2270"]

1. d4 g6 2. c4 Bg7 3. Nc3 d6 4. e4 e5 5. d5 Nh6 6. Be2 f5 7. Bxh6 Bxh6 8. exf5
Bxf5 9. g3 O-O 10. h4 Qf6 11. Nh3 Bxh3 12. Ne4 Qf5 13. Qd3 Bg2 14. f3 Bxh1 15.
g4 Qf4 16. Ng5 Qg3+ 17. Kd1 Qg1+ 18. Bf1 Bxg5 19. hxg5 Rxf3 20. Kc2 Rf2+ 21. Kb3
Rf3 22. Rd1 Rxd3+ 23. Rxd3 Qxf1 24. Rc3 Qd1+ 25. Ka3 c6 26. c5 dxc5 27. Rxc5 Na6
28. Rc3 b5 29. b4 Rd8 30. dxc6 Qa4+ 31. Kb2 Rd2+ 32. Kc1 Qxa2 33. c7 Qb2# 0-1

[Event "OS INCLIVEIS"]
[Site "http://www.queenalice.com/game.php?id=1374904"]
[Date "2015.8.1"]
[Round "-"]
[White "elrey"]
[Black "adelio"]
[Result "0-1"]
[WhiteElo "2293"]
[BlackElo "1547"]

1. d4 d5 2. c4 e6 3. g3 Be7 4. Nf3 c5 5. Bg2 Nc6 6. cxd5 exd5 7. O-O h5 8. dxc5
g5 9. Nc3 h4 10. Qxd5 hxg3 11. hxg3 Bh3 12. Bxh3 Rxh3 13. Nxg5 Qxd5 14. Nxd5 Bd8
15. Nxh3 Nd4 16. Nhf4 Rc8 17. Be3 Nc2 18. Rac1 Nxe3 19. Nxe3 Be7 20. b4 Nf6 21.
f3 b6 0-1

[Event "Challenge"]
[Site "http://www.queenalice.com/game.php?id=1376440"]
[Date "2015.8.9"]
[Round "-"]
[White "babydaddytoo"]
[Black "elrey"]
[Result "0-1"]
[WhiteElo "1982"]
[BlackElo "2297"]

1. e4 g6 2. d4 Bg7 3. Nc3 Nc6 4. Nf3 d6 5. Be2 Nf6 6. O-O Bg4 7. d5 Na5 8. b4
Bxf3 9. gxf3 c6 10. bxa5 Qxa5 11. Bd2 Nh5 12. Qe1 Nf4 13. Bd3 Rc8 14. Rb1 Nxd3
15. cxd3 b6 16. dxc6 Rxc6 17. Nd5 Qa4 18. Bb4 Qxa2 19. Rc1 Rc5 20. Bxc5 dxc5 21.
Qe3 e6 22. Nc7+ Kd7 23. Nb5 a6 24. Qf4 e5 25. Qg4+ Qe6 26. Qxe6+ fxe6 27. Nc3
Kc6 28. Ra1 Ra8 29. Rfb1 Bh6 30. Rb2 Bg5 31. Kf1 Ra7 32. Ke2 Ra8 0-1

[Event "Let's Play Chess!"]
[Site "http://www.queenalice.com/game.php?id=1392951"]
[Date "2015.11.8"]
[Round "-"]
[White "elrey"]
[Black "franz_ferdinand"]
[Result "1/2-1/2"]
[WhiteElo "2272"]
[BlackElo "2271"]

1. d4 Nf6 2. c4 e6 3. g3 Bb4+ 4. Bd2 Qe7 5. Bg2 O-O 6. Qc2 Bxd2+ 7. Nxd2 d6 8.
Ngf3 e5 9. d5 b6 10. a3 a5 11. O-O Bg4 12. e3 Nbd7 13. b4 h6 14. Nh4 g5 15. Nf5
Bxf5 16. Qxf5 Nh7 17. Ne4 Ndf6 18. Nc3 Qd7 19. Bh3 Qxf5 20. Bxf5 Rfe8 21. f3 Nf8
22. Nb5 Re7 23. Kf2 Ng6 24. Ke2 Ne8 25. Rg1 Kg7 26. Nc3 Nf6 27. b5 Ree8 28. h4
Ne7 29. Bc2 Nd7 1/2-1/2

[Event "Challenge"]
[Site "http://www.queenalice.com/game.php?id=1398248"]
[Date "2015.12.10"]
[Round "-"]
[White "dnptrs"]
[Black "elrey"]
[Result "0-1"]
[WhiteElo "2292"]
[BlackElo "2259"]

1. d4 g6 2. Nf3 Bg7 3. g3 f5 4. c4 Nf6 5. Bg2 Nc6 6. O-O O-O 7. d5 Na5 8. Qc2 c6
9. dxc6 Nxc6 10. Rd1 d6 11. Nc3 Be6 12. Nd2 Qb6 13. Qb3 Qc7 14. Nd5 Bxd5 15.
cxd5 Nd4 16. Qd3 Ng4 17. Nf3 Nc2 18. Rb1 Qc5 19. e3 Nb4 20. Qa3 Qc4 21. Ng5 Qc2
22. Bd2 Nd3 23. Nf3 Ngxf2 24. Ne1 Nxe1 25. Kxf2 Nxg2 26. Kxg2 Qe4+ 0-1

[Event "¿Una partida?"]
[Site "http://www.queenalice.com/game.php?id=1414301"]
[Date "2016.3.21"]
[Round "-"]
[White "elrey"]
[Black "PimPamPum"]
[Result "1-0"]
[WhiteElo "2272"]
[BlackElo "2101"]

1. d4 Nf6 2. c4 c5 3. d5 d6 4. Nc3 g6 5. e4 Bg7 6. h3 e6 7. dxe6 Bxe6 8. Nf3 O-O
9. Bf4 Re8 10. Qxd6 Qxd6 11. Bxd6 Nxe4 12. Nxe4 Bf5 13. Bd3 Bxe4 14. O-O-O b6
15. Rhe1 Bc6 16. Rxe8+ Bxe8 17. Be5 Nc6 18. Be4 Rc8 19. Bxg7 Kxg7 20. g4 Rd8 21.
Rxd8 Nxd8 22. Kd2 Kf6 23. Ke3 Ne6 24. Ng1 Nd4 25. f4 h6 26. Nf3 Nxf3 27. Kxf3
Ba4 28. b3 Bd7 29. h4 g5 30. Kg3 Be6 31. Bb7 Bd7 32. Be4 Be6 33. Bc6 Bc8 34. Bd5
Bd7 35. a3 Bc8 36. Bc6 Be6 37. fxg5+ hxg5 38. h5 Kg7 39. Be4 Kh6 40. Bd5 Kg7 41.
Bxe6 fxe6 42. Kf3 Kf6 43. Ke4 a6 44. b4 a5 45. b5 a4 46. h6 1-0

[Event "Challenge"]
[Site "http://www.queenalice.com/game.php?id=1417267"]
[Date "2016.4.8"]
[Round "-"]
[White "Ksychess"]
[Black "elrey"]
[Result "1-0"]
[WhiteElo "2423"]
[BlackElo "2279"]

1. d4 Nf6 2. c4 e6 3. Nc3 Bb4 4. e3 O-O 5. Bd3 c5 6. Ne2 Bxc3+ 7. Nxc3 d6 8. O-O
Nc6 9. b3 Nb4 10. Bb1 Nc6 11. Qd3 Qe7 12. Re1 b6 13. Bb2 Nb4 14. Qd2 Bb7 15. a3
Nc6 16. Bc2 Nd7 17. d5 Nce5 18. Rad1 exd5 19. Nxd5 Qh4 20. Qe2 Rae8 21. g3 Qg4
22. f4 Nf3+ 23. Kf2 Nxh2 24. Rh1 Qh3 25. Rdg1 Bxd5 26. cxd5 Re7 27. Ke1 Rfe8 28.
Bc1 Qg4 29. Bxh7+ Kf8 30. Bd3 Nf3+ 31. Kf2 f5 32. Qxf3 Kf7 33. Rh5 Nf6 34. Rxf5
Kg8 35. Qxg4 Nxg4+ 36. Kf3 Rxe3+ 37. Bxe3 Nh2+ 38. Ke2 Ng4 39. Kd2 Rxe3 40. Rg5
1-0

[Event "Challenge"]
[Site "http://www.queenalice.com/game.php?id=1449820"]
[Date "2016.11.13"]
[Round "-"]
[White "zugzwangkid"]
[Black "elrey"]
[Result "1-0"]
[WhiteElo "2233"]
[BlackElo "2299"]

1. d4 g6 2. e4 d6 3. c4 Nf6 4. Nc3 Nbd7 5. Nf3 e5 6. Be2 Bg7 7. Be3 O-O 8. O-O
exd4 9. Nxd4 Re8 10. f3 Nc5 11. Qc2 c6 12. Rad1 Qc7 13. b4 Ne6 14. Rd2 Nh5 15.
Nxe6 Rxe6 16. Rfd1 a5 17. b5 Be5 18. g3 Qe7 19. Na4 Bg7 20. c5 d5 21. Nb6 Rb8
22. g4 f5 23. gxh5 fxe4 24. Nxd5 cxd5 25. Rxd5 exf3 26. Rd8+ Kf7 27. Bc4 Be5 28.
Qe4 Qf6 29. Bh6 f2+ 30. Kg2 Ke7 31. Rf8 Bc3 32. Qd5 1-0

[Event "Challenge"]
[Site "http://www.queenalice.com/game.php?id=1452509"]
[Date "2016.11.29"]
[Round "-"]
[White "elrey"]
[Black "Cacmathias"]
[Result "1-0"]
[WhiteElo "2300"]
[BlackElo "1884"]

1. Nf3 Nf6 2. b3 c5 3. Bb2 Nc6 4. c4 e6 5. e3 g6 6. Nc3 Bg7 7. Ne4 O-O 8. Nxc5
d6 9. Na4 d5 10. Be2 Nb4 11. O-O Re8 12. d3 dxc4 13. bxc4 Qa5 14. a3 Nc6 15. Qb3
e5 16. Nc3 e4 17. Nxe4 Nxe4 18. dxe4 Bxb2 19. Qxb2 Rxe4 20. Rfd1 Qc7 21. Ng5 Re8
22. Qf6 h6 23. Nf3 Be6 24. Rac1 Rad8 25. Rxd8 Rxd8 26. Nd4 Nxd4 27. exd4 Re8 28.
Qf3 Bf5 29. Bf1 Re7 30. d5 Qc5 31. Rd1 Qd6 32. Qc3 b6 33. Qb4 Rd7 34. Bd3 Bxd3
35. Rxd3 f5 36. Qc3 f4 37. a4 Rc7 38. Rd1 g5 39. Rc1 a5 40. Qd4 Qa3 41. Re1 Re7
42. Ra1 Qxa4 43. d6 Re4 44. Qd5+ Kf8 45. Rd1 Re5 46. Qd4 Re4 47. Qh8+ Kf7 48.
Qh7+ Kf8 49. Qxh6+ Kf7 50. Qh5+ Kf6 51. d7 Qxd7 52. Qh6+ Kf5 53. g4+ 1-0

[Event "Challenge"]
[Site "http://www.queenalice.com/game.php?id=1452960"]
[Date "2016.12.2"]
[Round "-"]
[White "Cacmathias"]
[Black "elrey"]
[Result "1/2-1/2"]
[WhiteElo "2244"]
[BlackElo "2301"]

1. d4 g6 2. e4 Bg7 3. Nf3 d5 4. exd5 Qxd5 5. Nc3 Qe6+ 6. Be3 Nf6 7. Ng5 Qb6 8.
Bb5+ Bd7 9. a4 h6 10. Nf3 O-O 11. Ne5 a6 12. a5 Qd6 13. Be2 Qb4 14. Nxd7 Nfxd7
15. O-O e6 16. Ra3 Nc6 17. Rb3 Qxa5 18. Rxb7 Rfb8 19. Rxb8+ Rxb8 20. Bf3 Ne7 21.
Bc1 Nf5 22. Ne2 c5 23. dxc5 Ne5 24. Be4 Qxc5 25. c3 Qc4 26. Bc2 Qc7 27. Nf4 Nc4
28. Nd3 Qb7 29. b3 Ncd6 30. Bf4 Rc8 31. c4 g5 32. Be5 Nh4 33. f3 Bxe5 34. Nxe5
Nhf5 35. Ng4 Qb6+ 36. Rf2 Kf8 37. Qd3 Kg7 38. Qc3+ Qd4 39. Qxd4+ Nxd4 40. Rd2
Nxc2 41. Rxd6 Rb8 42. Rxa6 Rxb3 43. Ra7 Nb4 44. Ne5 Nd3 45. Nxd3 Rxd3 46. c5 Rc3
47. Rc7 Rc2 48. g4 Kg6 49. c6 f5 50. h3 Kf6 51. Rh7 Rxc6 52. Rxh6+ Ke5 53. gxf5
Rc1+ 54. Kg2 exf5 55. Ra6 Rc2+ 56. Kg3 f4+ 57. Kg4 Rg2+ 58. Kh5 Kd4 59. Ra3 Rg1
60. Kg6 Rg3 61. Kf6 Kc4 62. Kf5 Kd4 63. Rb3 Kc4 64. Ra3 Kd4 65. Rb3 Kc4 66. Ra3
1/2-1/2

[Event "Challenge"]
[Site "http://www.queenalice.com/game.php?id=1483206"]
[Date "2017.6.22"]
[Round "-"]
[White "tucuman"]
[Black "elrey"]
[Result "0-1"]
[WhiteElo "1829"]
[BlackElo "2285"]

1. e4 g6 2. c3 Bg7 3. d4 d6 4. Bg5 Nf6 5. Bd3 O-O 6. Bxf6 Bxf6 7. h3 c5 8. d5 e6
9. Bc4 exd5 10. Bxd5 Nc6 11. Nf3 Ne7 12. Bc4 a6 13. O-O b5 14. Be2 Bb7 15. Qc2
Qc7 16. Nbd2 d5 17. exd5 Nxd5 18. Bd3 c4 19. Be4 Bg7 20. Rfe1 f5 21. Bxd5+ Bxd5
22. Nf1 Bxf3 23. gxf3 Rfe8 24. Ne3 Qf4 25. Kg2 Be5 26. Nf1 Qg5+ 27. Kh1 Qf4 28.
Qd1 Rad8 29. Qe2 Bxc3 30. Qc2 Bxe1 31. b3 Qxf3+ 32. Kg1 Re2 33. Qxe2 Qxe2 34.
Rxe1 Qxe1 0-1

[Event "Challenge"]
[Site "http://www.queenalice.com/game.php?id=1486713"]
[Date "2017.7.19"]
[Round "-"]
[White "elrey"]
[Black "tucuman"]
[Result "1-0"]
[WhiteElo "2286"]
[BlackElo "1831"]

1. d4 d5 2. e4 dxe4 3. Nc3 Bf5 4. g4 Bg6 5. Bg2 Nc6 6. d5 Nb4 7. a3 Na6 8. Be3
h6 9. Bf1 Qd7 10. Bb5 c6 11. dxc6 Qc7 12. cxb7+ Qc6 13. Bxc6# 1-0

[Event "Challenge"]
[Site "http://www.queenalice.com/game.php?id=1486721"]
[Date "2017.7.20"]
[Round "-"]
[White "tucuman"]
[Black "elrey"]
[Result "0-1"]
[WhiteElo "1799"]
[BlackElo "2287"]

1. e4 g6 2. d4 b6 3. Nc3 d6 4. h3 Bg7 5. Be3 Nf6 6. Nf3 O-O 7. Bd3 Bb7 8. Qd2 c5
9. d5 Na6 10. O-O e6 11. dxe6 fxe6 12. Ng5 Nc7 13. Ne2 h6 14. Nf3 c4 15. Bxc4
Nxe4 16. Qd1 Rxf3 17. gxf3 Ng5 18. Bd3 Nxf3+ 19. Kh1 Qh4 20. Nf4 Be5 21. Kg2
Bxf4 22. Bxf4 Qxf4 23. Rh1 Nh2+ 24. f3 Bxf3+ 25. Qxf3 Qxf3+ 26. Kxh2 Qf2# 0-1

[Event "Let's Play Chess!"]
[Site "http://www.queenalice.com/game.php?id=1618942"]
[Date "2020.7.3"]
[Round "-"]
[White "igorjava"]
[Black "elrey"]
[Result "0-1"]
[WhiteElo "1887"]
[BlackElo "2288"]

1. e4 g6 2. d4 Bg7 3. f4 d5 4. e5 c5 5. c3 cxd4 6. cxd4 Nh6 7. Nf3 O-O 8. Bd3
Nc6 9. Nc3 Bg4 10. Be3 Nf5 11. Bxf5 Bxf5 12. Nh4 Be4 13. Nf3 Nb4 14. Nxe4 dxe4
15. Ng5 Rc8 16. Rc1 Nd3+ 0-1

[Event "Let's Play Chess!"]
[Site "http://www.queenalice.com/game.php?id=1619109"]
[Date "2020.7.5"]
[Round "-"]
[White "amaisi"]
[Black "elrey"]
[Result "0-1"]
[WhiteElo "2190"]
[BlackElo "2289"]

1. d4 d6 2. Nf3 f5 3. g3 Nf6 4. Bg5 Nbd7 5. Bg2 h6 6. Bc1 g5 7. Qd3 Bg7 8. Nbd2
Nb6 9. O-O O-O 10. b3 e5 11. dxe5 Nfd7 12. Rb1 g4 13. exd6 Nc5 14. Qe3 gxf3 15.
dxc7 Qxc7 16. Qxf3 Be6 17. c4 Rad8 18. Qh5 Bf7 19. Qh4 f4 20. Nf3 fxg3 21. hxg3
Bg6 22. Bxh6 Bxh6 23. Qxh6 Bxb1 24. Rxb1 Qg7 25. Qe3 Nbd7 26. Qd4 Qxd4 27. Nxd4
Nf6 28. e3 Kf7 29. b4 Ne6 30. Nxe6 Kxe6 31. Bxb7 Rd2 32. a4 Ng4 33. f4 Nf6 34.
Rb3 Rc2 35. c5 Rd8 0-1